Представление документа в формате RUSMARC

ПолеНазваниеЗначение
  Тип записи a
  Библиографический уровень m
001 Контрольный номер UONB/MAIN/591b05eff0854f61b1d7224304a5b4ae
005 Дата корректировки 20250616110433.1
010 Индекс ISBN __
b Уточнения в пер.
d Цена 74 к.
9 Тираж 2975 экз.
100 Данные общей обработки __
a Данные общей обработки 20241018 1965 u y0rusy0189## ca
101 Язык документа 0_
a Язык текста rus
102 Страна публикации __
a Страна публикации RU
105 Кодированные данные (монография) __
a Кодированные данные (монография) a z 001yy
200 Заглавие и сведения об ответственности 1_
a Заглавие Согласование параметров компрессора и турбины в авиационных газотурбинных двинателях
f Первые сведения об ответственности К.В. Холщевников
203 Вид содержания и тип средства __
a Вид содержания Текст
b Характеристика содержания визуальный
c Тип средства непосредственный
210 Выходные данные 1_
a Место издания Москва
c Издательство Машиностроение
d Дата издания 1965
215 Физическое описание __
a Объем 199 с.
c Иллюстрации/тип воспроизводства ил., черт.
d Формат 22 см
320 Библиография __
a Библиография Библиогр.: с. 197
606 Тематические рубрики 0_
a Основная рубрика Авиационные двигатели, газотурбинные
x Основная подрубрика Параметры
x Основная подрубрика Расчет
610 Ключевые слова 0_
a Ключевые слова авиационные двигатели газотурбинные
675 Индекс УДК __
a Индекс УДК 6Т5.14
686 Индексы других классификаций __
a Классификационный индекс 34
2 Код системы rubbk
700 Автор _1
a Фамилия Холщевников
b Имя (инициалы) К.В.
g Полное личное имя Константин Васильевич
801 Источник записи _0
a Страна RU
b Организация Ульяновская ОНБ
c Дата составления 20241018
g Правила каталогизации RCR
801 Источник записи _1
a Страна RU
b Организация Ульяновская ОНБ
c Дата составления 20241018
g Правила каталогизации RCR
901 Тип документа __
t Тип документа m
909 Создатель записи __
a Создатель записи Аверьянова
b Дата создания записи 20241018